000 00408nam a22001697a 4500
003 OSt
005 20211005112317.0
008 211005b |||||||| |||| 00| 0 eng d
020 _a039524454
040 _cHU
082 _a332
100 _aVISCIOME JERRY
_910115
245 _aFINANCIAL ANAIYSIIS PRINCIPLES AND PROCEDURES
260 _aACIANTA
_bNEW JERSEY
_c1977
300 _a111
942 _2ddc
_cBOOKS
_n0
999 _c9420
_d9420